VNÚTORNÉ SMERNICE BOZP POTREBNÉ PRE ŠKOLY DOKUMENTÁCIA ŠKOLY PRE OBLASŤ BOZP

Bibliographic Details
Main Author: Brettschneider, Bohumír (Author)
Format: Article
Language:Slovak

MARC

LEADER 00000nab a2200000uu 4500
001 vtls010885186
003 SK-MaSNL
005 20260303105738.0
008 230121|2011 xo |||||||||||||||||slo|
015 |a SNBRB 
035 |a (urnnbn)urn:nbn:sk:snk:ar-002cfo 
035 |a (uuid)1b4adb5a-e74b-4f2a-b5f5-9317ccb9c65b 
035 |a urn:nbn:sk:snk-ab8gb4 
040 |a SNKBUCL  |b slo  |c SNKBUCL  |e AACR2 
041 0 |a slo 
044 |a xo  |c SK 
100 1 |a Brettschneider, Bohumír  |4 aut  |9 1121292 
245 1 0 |a VNÚTORNÉ SMERNICE BOZP POTREBNÉ PRE ŠKOLY  |b DOKUMENTÁCIA ŠKOLY PRE OBLASŤ BOZP  |c Bohumír Brettschneider 
773 0 |t Manažment školy v praxi : odborný mesačník pre manažment škôl, školských a predškolských zariadení  |g Č. 10 (2011), s. 13-15 
954 |a odborná, vedecká literatúra pôvodná (slovenská)  |2 lita 
958 |a OND 
958 |a EUIPO 
958 |a article10 
999 |c 1865027  |d 1866957